000 00892nab a22002177a 4500
999 _c5825
_d5825
003 OSt
005 20260107121702.0
008 190514b xxu||||| |||| 00| 0 spa d
040 _cPJ
100 _95661
_aCurti, Patricio J.
245 1 3 _aEl contenido y alcance de la cuota alimentaria debida por los abuelos /
_cPatricio J. Curti.
300 _ap. 95-103
505 _aSumario: I. Cruce preliminar.— II. Algunas variables para considerar.— III. Cese de la obligación alimentaria.— IV. Palabras de conclusión.
505 _tSi te interesa el texto, comunicate a koha@justierradelfuego.gov.ar
650 0 _9967
_aDERECHO DE FAMILIA
650 0 _9968
_aALIMENTOS
650 0 _94099
_aCUOTA ALIMENTARIA
650 0 _91074
_aOBLIGACION ALIMENTARIA
773 0 _02844
_93222
_dBuenos Aires : AbeledoPerrot, 1989-
_tDerecho de familia. N° 118 - Marzo 2025
_z18511201
942 _2udc
_cANA